[Event "Bundesliga 2022-23"]
[Site "Deggendorf GER"]
[Date "2023.04.01"]
[Round "12.8"]
[Board "7"]
[White "Palac, Mladen"]
[Black "Ciolek, Andreas"]
[Result "1-0"]
[WhiteTitle "GM"]
[BlackTitle "FM"]
[WhiteElo "2516"]
[BlackElo "2301"]
[WhiteTeam "SK Kirchweyhe"]
[BlackTeam "Muenchener Schachclub 1836"]
[WhiteFideId "14500116"]
[BlackFideId "12906727"]
[EventDate "2022.10.22"]

1. Nf3 c5 2. c4 Nf6 3. Nc3 Nc6 4. g3 g6 5. d4 Bg7 6. Bg2 O-O 7. dxc5 Qa5 8. O-O
Qxc5 9. b3 d6 10. Bd2 Qh5 11. Ne1 Bh3 12. Nd3 Bxg2 13. Kxg2 Rfd8 14. f3 d5 15.
Nf4 Qe5 16. cxd5 Nb4 17. e4 e6 18. a3 Na6 19. Rc1 exd5 20. Nfxd5 Nxd5 21. Nxd5
Qb2 22. b4 b5 23. Qe2 Qxa3 24. Qxb5 Rab8 25. Qc4 Qa4 26. Rc2 Qb5 27. Qxb5 Rxb5
28. Ra2 Rd6 29. Rc1 Bd4 30. Rc4 Be5 31. Bh6 Rb8 32. Ne7+ Kh8 33. b5 Re6 34. Nd5
g5 35. Rxa6 Rxh6 36. Rxh6 f6 37. Ne7 1-0

[Event "Bundesliga 2022-23"]
[Site "Deggendorf GER"]
[Date "2023.04.01"]
[Round "12.8"]
[Board "8"]
[White "Tadic, Branko"]
[Black "Zelcic, Robert"]
[Result "1/2-1/2"]
[WhiteTitle "GM"]
[BlackTitle "GM"]
[WhiteElo "2455"]
[BlackElo "2495"]
[WhiteTeam "Muenchener Schachclub 1836"]
[BlackTeam "SK Kirchweyhe"]
[WhiteFideId "916412"]
[BlackFideId "14500310"]
[EventDate "2022.10.22"]

1. Nf3 Nf6 2. d4 d5 3. Bf4 c5 4. e3 Nc6 5. Nbd2 Nh5 6. dxc5 Nxf4 7. exf4 g6 8.
c3 Bh6 9. g3 O-O 10. Bb5 Qc7 11. h4 Bg7 12. Nb3 Na5 13. h5 Nxb3 14. axb3 Qxc5
15. Be2 Bf5 16. b4 Qc7 17. hxg6 hxg6 18. Ra5 Be4 19. O-O Rfd8 20. Bd3 b6 21. Ra6
Qb7 22. Re1 e6 23. Qe2 Bxd3 24. Qxd3 d4 25. Nxd4 Bxd4 26. cxd4 Kg7 27. b5 Rd5
28. Qc4 Rh8 29. Qc6 Qb8 30. Rc1 Rhh5 31. Qc8 Qd6 32. Rxa7 Rxd4 33. Qb7 Rd1+ 34.
Kg2 Qd5+ 35. Qxd5 Rdxd5 36. Rc6 Rxb5 37. Rb7 1/2-1/2

[Event "Bundesliga 2022-23"]
[Site "Berlin GER"]
[Date "2023.04.02"]
[Round "13.1"]
[Board "1"]
[White "Schroeder, Jan-Christian"]
[Black "Bosiocic, Marin"]
[Result "1/2-1/2"]
[WhiteTitle "GM"]
[BlackTitle "GM"]
[WhiteElo "2544"]
[BlackElo "2548"]
[WhiteTeam "SF Berlin"]
[BlackTeam "TSV Schoenaich"]
[WhiteFideId "24662259"]
[BlackFideId "14507927"]
[EventDate "2022.10.22"]

1. e4 c6 2. Nf3 d5 3. Nc3 Bg4 4. h3 Bxf3 5. Qxf3 e6 6. Be2 Bc5 7. O-O Ne7 8. Na4
dxe4 9. Qxe4 Bd6 10. d4 Nd7 11. Nc3 Nf6 12. Qd3 Qa5 13. Ne4 Nxe4 14. Qxe4 Qf5
15. Bd3 Qxe4 16. Bxe4 h5 17. Rd1 h4 18. c4 Rd8 19. Bd2 f5 20. Bc2 Kf7 21. a4 Rd7
22. Bc3 Rhd8 23. Rd2 c5 24. d5 exd5 25. cxd5 Bf4 26. Rd3 Nxd5 27. Rad1 c4 28.
Rd4 Be5 29. Rxc4 Nxc3 30. Rxd7+ Rxd7 31. bxc3 Rd2 32. Bb3 Rb2 33. Rb4+ Kf6 34.
Bd5 Rd2 35. Bf3 Bxc3 36. Rxh4 Bd4 37. Kf1 Bxf2 38. Rb4 b6 39. Rc4 Bg3 40. Rc6+
Kg5 41. Rc4 g6 42. Bc6 Rf2+ 43. Kg1 Re2 44. Rc1 Bf4 45. Rc4 Bg3 46. Rc1 Kf4 47.
Kf1 Rf2+ 48. Kg1 Rd2 49. Kf1 Bf2 50. Rc3 Bd4 51. Rf3+ Ke5 52. h4 Bc5 53. Be8
Rd1+ 54. Ke2 Rd6 55. Rd3 Re6 56. Bd7 Re7 57. Kf3 Rh7 58. g3 Kf6 59. Rd5 Re7 60.
h5 Re3+ 61. Kg2 gxh5 62. Rxf5+ Kg6 63. Rd5 Re2+ 64. Kf3 Rf2+ 65. Ke4 Re2+ 66.
Kf3 Re1 67. a5 Rf1+ 68. Ke4 Re1+ 69. Kf3 Rf1+ 1/2-1/2

[Event "Bundesliga 2022-23"]
[Site "Berlin GER"]
[Date "2023.04.02"]
[Round "13.1"]
[Board "2"]
[White "Kadric, Denis"]
[Black "Piorun, Kacper"]
[Result "1/2-1/2"]
[WhiteTitle "GM"]
[BlackTitle "GM"]
[WhiteElo "2561"]
[BlackElo "2611"]
[WhiteTeam "TSV Schoenaich"]
[BlackTeam "SF Berlin"]
[WhiteFideId "14403803"]
[BlackFideId "1130420"]
[EventDate "2022.10.22"]

1. e4 e6 2. d4 d5 3. Nd2 c5 4. Ngf3 cxd4 5. Nxd4 Nc6 6. Bb5 Bd7 7. Nxc6 bxc6 8.
Bd3 Bd6 9. Qe2 Ne7 10. e5 Bc7 11. O-O c5 12. c4 Bc6 13. f4 Nf5 14. cxd5 Qxd5 15.
Be4 Qd7 16. Bxc6 Qxc6 17. Qe4 Qxe4 18. Nxe4 h5 19. Bd2 Rd8 20. Rac1 Rd4 21. Rfe1
O-O 22. Kf1 Bb6 23. b3 Rfd8 24. Rc2 1/2-1/2

[Event "Bundesliga 2022-23"]
[Site "Berlin GER"]
[Date "2023.04.02"]
[Round "13.1"]
[Board "3"]
[White "Tomczak, Jacek"]
[Black "Ivanisevic, Ivan"]
[Result "0-1"]
[WhiteTitle "GM"]
[BlackTitle "GM"]
[WhiteElo "2595"]
[BlackElo "2547"]
[WhiteTeam "SF Berlin"]
[BlackTeam "TSV Schoenaich"]
[WhiteFideId "1124668"]
[BlackFideId "912417"]
[EventDate "2022.10.22"]

1. e4 d5 2. exd5 Qxd5 3. Nc3 Qd6 4. d4 Nf6 5. Nf3 Nc6 6. Nb5 Qd8 7. c4 e6 8. a3
a6 9. Nc3 Bd6 10. c5 Be7 11. Bd3 b6 12. b4 a5 13. Be3 axb4 14. axb4 Rxa1 15.
Qxa1 O-O 16. Qb1 e5 17. dxe5 Nxb4 18. Qxb4 Qxd3 19. exf6 Bxf6 20. Ne4 Ba1 21.
Nfd2 Ba6 22. Kd1 Ra8 23. Kc1 Bb5 24. Qb3 Be5 25. Qxd3 Bxd3 26. Nb3 Bxe4 27. Rd1
Bxg2 28. f4 Bf6 29. cxb6 cxb6 30. Bxb6 Rc8+ 31. Nc5 Rc6 32. Re1 h5 33. Ba7 Bd4 0-1

[Event "Bundesliga 2022-23"]
[Site "Berlin GER"]
[Date "2023.04.02"]
[Round "13.1"]
[Board "4"]
[White "Perunovic, Milos"]
[Black "Kraemer, Martin"]
[Result "0-1"]
[WhiteTitle "GM"]
[BlackTitle "GM"]
[WhiteElo "2542"]
[BlackElo "2579"]
[WhiteTeam "TSV Schoenaich"]
[BlackTeam "SF Berlin"]
[WhiteFideId "921629"]
[BlackFideId "4671910"]
[EventDate "2022.10.22"]

1. e4 e5 2. Nf3 Nc6 3. Bb5 a6 4. Ba4 Nf6 5. O-O b5 6. Bb3 Bc5 7. a4 Rb8 8. c3 d6
9. d4 Bb6 10. a5 Ba7 11. h3 Bb7 12. Be3 Nxe4 13. Re1 exd4 14. cxd4 d5 15. Nc3
Ne7 16. Nxe4 dxe4 17. Ng5 Bd5 18. Bxd5 Qxd5 19. Rc1 Rc8 20. Nxe4 O-O 21. Nc5
Bxc5 22. Rxc5 Qd7 23. Qg4 Rcd8 24. Qg3 c6 25. Rec1 Rc8 26. h4 Rfe8 27. h5 Nd5
28. Bh6 g6 29. Qf3 Re6 30. g3 Rce8 31. hxg6 hxg6 32. Kg2 Rf6 33. Qd3 Rf5 34. Rh1
Nf4+ 35. Bxf4 Rxc5 36. Qd2 Rd5 37. Be3 c5 38. Rh4 g5 0-1

[Event "Bundesliga 2022-23"]
[Site "Berlin GER"]
[Date "2023.04.02"]
[Round "13.1"]
[Board "6"]
[White "Richter, Nils"]
[Black "Blohberger, Felix"]
[Result "0-1"]
[WhiteTitle "FM"]
[BlackTitle "GM"]
[WhiteElo "2395"]
[BlackElo "2493"]
[WhiteTeam "TSV Schoenaich"]
[BlackTeam "SF Berlin"]
[WhiteFideId "12990809"]
[BlackFideId "1632051"]
[EventDate "2022.10.22"]

1. d4 e6 2. c4 Nf6 3. Nf3 d5 4. g3 Bb4+ 5. Bd2 Be7 6. Bg2 O-O 7. O-O Nbd7 8. Bc3
b6 9. cxd5 Nxd5 10. Bd2 Bb7 11. Re1 c5 12. e4 N5f6 13. Nc3 cxd4 14. Nxd4 Ne5 15.
Bf4 Ng6 16. Be3 Bb4 17. Qa4 Bxc3 18. bxc3 Qe7 19. Bc1 Rfc8 20. Ba3 Qe8 21. Qb3
Ne5 22. Rad1 Nc4 23. Bc1 Rc5 24. a4 Rac8 25. Nb5 a6 26. Na3 Nxa3 27. Bxa3 Rxc3
28. Qxb6 Bxe4 29. Bb2 R3c6 30. Qe3 Bxg2 31. Bxf6 gxf6 32. Kxg2 Rc4 33. Qh6 Qc6+
34. Kg1 Qf3 35. Rd7 Rc2 36. Rf1 Qf5 37. Ra7 a5 38. Qe3 Kg7 39. Re1 R8c4 40. Rb7
Re4 0-1

[Event "Bundesliga 2022-23"]
[Site "Berlin GER"]
[Date "2023.04.02"]
[Round "13.1"]
[Board "7"]
[White "Hess, Max"]
[Black "Saric, Ante"]
[Result "1-0"]
[WhiteTitle "FM"]
[BlackTitle "GM"]
[WhiteElo "2361"]
[BlackElo "2510"]
[WhiteTeam "SF Berlin"]
[BlackTeam "TSV Schoenaich"]
[WhiteFideId "24656666"]
[BlackFideId "14506254"]
[EventDate "2022.10.22"]

1. c4 e6 2. Nc3 d5 3. cxd5 exd5 4. d4 c6 5. Bf4 Bd6 6. Bxd6 Qxd6 7. e3 Bf5 8.
Qb3 Qe7 9. Nge2 Nf6 10. Ng3 Be6 11. Bd3 O-O 12. O-O Re8 13. Rad1 c5 14. Qa4 c4
15. Bb1 Nbd7 16. Qc2 Nf8 17. Rfe1 Rad8 18. f3 h5 19. Qf2 Bc8 20. Nf5 Bxf5 21.
Bxf5 g6 22. Bb1 Ne6 23. h3 Qd6 24. e4 Qf4 25. e5 Nh7 26. g3 Qh6 27. h4 Nc7 28.
f4 f5 29. exf6 Nxf6 30. Qf3 Rxe1+ 31. Rxe1 Qg7 32. f5 Ng4 33. Qf4 Rf8 34. Kg2
gxf5 35. Bxf5 Nh6 36. Re5 Qf6 37. Bh3 Qxf4 38. gxf4 Rxf4 39. Rxh5 Rxd4 40. Rxh6
Rd2+ 41. Kf3 d4 42. Ne4 Rxb2 43. Rd6 Nb5 44. Rd8+ Kg7 45. Rd7+ Kf8 46. Be6 c3
47. Rf7+ Ke8 48. a4 Rb1 49. axb5 Rf1+ 50. Ke2 Rxf7 51. Bxf7+ Kxf7 52. Nd6+ Kg6
53. Nxb7 Kh5 54. Na5 Kxh4 55. Nc6 Kg3 56. Nxa7 c2 57. Kd2 Kf3 58. b6 1-0

[Event "Bundesliga 2022-23"]
[Site "Berlin GER"]
[Date "2023.04.02"]
[Round "13.1"]
[Board "8"]
[White "Plenca, Jadranko"]
[Black "Schmidek, Emil"]
[Result "0-1"]
[WhiteTitle "IM"]
[BlackTitle "IM"]
[WhiteElo "2412"]
[BlackElo "2414"]
[WhiteTeam "TSV Schoenaich"]
[BlackTeam "SF Berlin"]
[WhiteFideId "14527146"]
[BlackFideId "12908150"]
[EventDate "2022.10.22"]

1. e4 c6 2. Nc3 d5 3. Nf3 Bg4 4. h3 Bxf3 5. Qxf3 e6 6. d4 dxe4 7. Qxe4 Nf6 8.
Qd3 Be7 9. g3 O-O 10. Bg2 Nbd7 11. O-O Re8 12. Bf4 Qb6 13. Rab1 Rad8 14. Qc4 Nd5
15. Nxd5 cxd5 16. Qd3 Rc8 17. b3 Nf6 18. c4 Qa6 19. Rfd1 b6 20. Bf1 Red8 21.
Rbc1 h6 22. Rc2 Ne4 23. Rdc1 Ba3 24. cxd5 Qxd3 25. Rxc8 Qxd4 26. Rxd8+ Kh7 27.
Be3 Qe5 28. dxe6 Qxe6 29. Rcc8 Nxg3 30. Re8 Be7 31. Bd3+ f5 32. Rc7 Qd5 33. fxg3
Bd6 34. Rc3 Bb4 35. Rc4 Qxd3 36. Rxb4 Qd1+ 37. Kf2 Qc2+ 38. Ke1 Qc3+ 39. Bd2
Qxg3+ 40. Kd1 Qxh3 41. Kc2 Qg2 42. Re7 Kg6 43. Rxa7 Kh5 44. a4 g5 45. a5 Qc6+
46. Rc4 Qg6 47. a6 b5 48. Rcc7 f4+ 49. Kb2 f3 50. Rf7 g4 51. Bc3 Qb6 52. Rf5+
Kh4 53. Rg7 Qf2+ 54. Ka3 b4+ 55. Bxb4 Qf1 56. Be7+ Kg3 57. a7 Qa1+ 58. Kb4 Qxg7
59. Bd6+ Kg2 60. a8=Q Qd4+ 61. Kb5 Qd3+ 62. Ka4 Qxf5 63. Qc6 g3 64. b4 Kh3 0-1

[Event "Bundesliga 2022-23"]
[Site "Berlin GER"]
[Date "2023.04.02"]
[Round "13.2"]
[Board "1"]
[White "Bartel, Mateusz"]
[Black "Vallejo Pons, Francisco"]
[Result "1/2-1/2"]
[WhiteTitle "GM"]
[BlackTitle "GM"]
[WhiteElo "2630"]
[BlackElo "2716"]
[WhiteTeam "USV TU Dresden"]
[BlackTeam "OSG Baden-Baden"]
[WhiteFideId "1112635"]
[BlackFideId "2205530"]
[EventDate "2022.10.22"]

1. e4 c5 2. Nf3 e6 3. d4 cxd4 4. Nxd4 a6 5. Nc3 b5 6. Bd3 Bb7 7. O-O Nc6 8. Nxc6
Bxc6 9. Qe2 Ne7 10. a4 b4 11. Nb1 a5 12. Nd2 Ng6 13. Nb3 Bd6 14. f4 O-O 15. Be3
Qb8 16. g3 Qb7 17. e5 Be7 18. h4 f5 19. Nd4 Bd5 20. c4 bxc3 21. bxc3 Rab8 22.
Nb5 Rfc8 23. c4 Be4 24. Rad1 Nf8 25. Bd4 Bb4 26. h5 h6 27. Rc1 g6 28. c5 Bxd3
29. Qxd3 Qd5 30. Rfd1 Rc6 31. Rc4 Bxc5 32. Bxc5 Rxc5 33. Qxd5 Rxd5 34. Rxd5 exd5
35. Rc5 gxh5 36. Kf2 h4 37. gxh4 1/2-1/2

[Event "Bundesliga 2022-23"]
[Site "Berlin GER"]
[Date "2023.04.02"]
[Round "13.2"]
[Board "2"]
[White "Keymer, Vincent"]
[Black "Vogel, Roven"]
[Result "1-0"]
[WhiteTitle "GM"]
[BlackTitle "IM"]
[WhiteElo "2700"]
[BlackElo "2463"]
[WhiteTeam "OSG Baden-Baden"]
[BlackTeam "USV TU Dresden"]
[WhiteFideId "12940690"]
[BlackFideId "12908088"]
[EventDate "2022.10.22"]

1. d4 Nf6 2. c4 e6 3. Nf3 d5 4. Nc3 Bb4 5. cxd5 exd5 6. Bf4 Ne4 7. Rc1 O-O 8. e3
c5 9. Bd3 Nc6 10. O-O Nxc3 11. bxc3 Ba3 12. Rb1 c4 13. Bc2 f5 14. Ne5 Nxe5 15.
Bxe5 Rf7 16. f3 Be6 17. e4 fxe4 18. fxe4 Rxf1+ 19. Qxf1 Qd7 20. Qe2 Qc6 21. Qh5
dxe4 22. Qg5 Bf8 23. Rf1 Bf7 24. h4 Qg6 25. Qf4 Bd5 26. h5 Qxh5 27. Bxe4 Bc6 28.
Rf3 Qe8 29. d5 Bd7 30. d6 Be6 31. Qh4 h6 32. Rg3 Bf5 33. Qf6 1-0

[Event "Bundesliga 2022-23"]
[Site "Berlin GER"]
[Date "2023.04.02"]
[Round "13.2"]
[Board "3"]
[White "Maiwald, Jens-Uwe"]
[Black "Wojtaszek, Radoslaw"]
[Result "0-1"]
[WhiteTitle "GM"]
[BlackTitle "GM"]
[WhiteElo "2441"]
[BlackElo "2693"]
[WhiteTeam "USV TU Dresden"]
[BlackTeam "OSG Baden-Baden"]
[WhiteFideId "4612396"]
[BlackFideId "1118358"]
[EventDate "2022.10.22"]

1. e4 c5 2. Nf3 d6 3. Bb5+ Nd7 4. O-O a6 5. Bxd7+ Bxd7 6. d4 cxd4 7. Qxd4 e5 8.
Qd3 Rc8 9. Nc3 h6 10. Rd1 Nf6 11. Nd2 Bg4 12. f3 Be6 13. Nf1 Be7 14. Ne3 O-O 15.
Kh1 b5 16. a3 Qb6 17. Ncd5 Nxd5 18. Nxd5 Bxd5 19. exd5 Rc4 20. Be3 Qc7 21. c3
Bg5 22. Bg1 f5 23. Re1 Qc8 24. Re2 Re8 25. Rae1 Bh4 26. Rd1 Bf6 27. Rde1 Re7 28.
Rd1 a5 29. Rde1 a4 30. Rd1 Qd7 31. Rde1 Bh4 32. Rd1 e4 33. fxe4 Rcxe4 34. Re3
Rxe3 35. Bxe3 Qe8 36. Bg1 Re4 37. Rf1 g6 38. h3 f4 39. Qf3 g5 40. Rd1 Re2 41.
Qg4 Rxb2 0-1

[Event "Bundesliga 2022-23"]
[Site "Berlin GER"]
[Date "2023.04.02"]
[Round "13.2"]
[Board "5"]
[White "Loxine, Jakov"]
[Black "Naiditsch, Arkadij"]
[Result "0-1"]
[WhiteTitle "IM"]
[BlackTitle "GM"]
[WhiteElo "2391"]
[BlackElo "2667"]
[WhiteTeam "USV TU Dresden"]
[BlackTeam "OSG Baden-Baden"]
[WhiteFideId "4173031"]
[BlackFideId "4650891"]
[EventDate "2022.10.22"]

1. Nf3 d5 2. g3 g6 3. Bg2 Bg7 4. d4 Nf6 5. c4 dxc4 6. Na3 c3 7. bxc3 O-O 8. O-O
c5 9. Nc4 Nc6 10. Nce5 Nxe5 11. Nxe5 Nd5 12. Qb3 Be6 13. Qxb7 Nxc3 14. Nc6 Nxe2+
15. Kh1 Qb6 16. Qxe7 Nxd4 17. Nxd4 Rae8 18. Qb7 Qxb7 19. Bxb7 Bxd4 20. Bh6 Bxa1
21. Rxa1 Rb8 22. Bxf8 Kxf8 23. Bf3 Rb2 0-1

[Event "Bundesliga 2022-23"]
[Site "Berlin GER"]
[Date "2023.04.02"]
[Round "13.2"]
[Board "6"]
[White "Wong, Gengchun"]
[Black "Donchenko, Alexander"]
[Result "0-1"]
[BlackTitle "GM"]
[WhiteElo "2195"]
[BlackElo "2646"]
[WhiteTeam "USV TU Dresden"]
[BlackTeam "OSG Baden-Baden"]
[WhiteFideId "12963283"]
[BlackFideId "24603295"]
[EventDate "2022.10.22"]

1. e4 c5 2. Nf3 e6 3. d4 cxd4 4. Nxd4 Nc6 5. Nb5 d6 6. Bf4 e5 7. Be3 Nf6 8. N1c3
a6 9. Na3 b5 10. Nd5 Nxd5 11. exd5 Ne7 12. c4 Nf5 13. Bd2 e4 14. Bc3 Be7 15.
cxb5 e3 16. fxe3 O-O 17. e4 Re8 18. Qd3 Bg5 19. Be2 Ne3 20. Kf2 f5 21. Qd4 Bh6
22. Rhe1 Rxe4 23. Qd3 Qb6 0-1

[Event "Bundesliga 2022-23"]
[Site "Berlin GER"]
[Date "2023.04.02"]
[Round "13.2"]
[Board "7"]
[White "Bacrot, Etienne"]
[Black "Moehn, Hans"]
[Result "1-0"]
[WhiteTitle "GM"]
[BlackTitle "FM"]
[WhiteElo "2646"]
[BlackElo "2363"]
[WhiteTeam "OSG Baden-Baden"]
[BlackTeam "USV TU Dresden"]
[WhiteFideId "605506"]
[BlackFideId "24647837"]
[EventDate "2022.10.22"]

1. e4 c5 2. Nf3 e6 3. d4 cxd4 4. Nxd4 Nf6 5. Nc3 d6 6. g4 h6 7. Rg1 Nc6 8. Be3
Be7 9. h4 d5 10. Bb5 Bd7 11. exd5 Nxd5 12. Nxd5 exd5 13. g5 hxg5 14. hxg5 Rh4
15. Bxc6 bxc6 16. Qf3 c5 17. Nf5 Bxf5 18. Qxf5 d4 19. g6 Bf6 20. O-O-O Qd7 21.
gxf7+ Qxf7 22. Qxc5 Qxa2 23. Qc6+ Kf7 24. Qb7+ Ke6 25. Qxa8 Qa1+ 26. Kd2 Qa5+
27. Ke2 Qb5+ 28. Rd3 dxe3 29. Qg8+ Ke7 30. Rxg7+ Bxg7 31. Qxg7+ Ke6 32. Qg8+ Kf5
33. Qf7+ Kg5 34. Qd5+ Qxd5 35. Rxd5+ Kf6 36. fxe3 Ra4 37. b3 Ra1 38. Rd1 Ra6 39.
Rd4 Rc6 40. Kd3 Ke6 41. c4 Rc5 42. b4 Rh5 43. b5 Rh1 44. Kc3 Rb1 45. Rd8 1-0

[Event "Bundesliga 2022-23"]
[Site "Berlin GER"]
[Date "2023.04.02"]
[Round "13.2"]
[Board "8"]
[White "Movsesian, Sergei"]
[Black "Lutz, Ruben"]
[Result "1-0"]
[WhiteTitle "GM"]
[WhiteElo "2619"]
[BlackElo "2098"]
[WhiteTeam "OSG Baden-Baden"]
[BlackTeam "USV TU Dresden"]
[WhiteFideId "310204"]
[BlackFideId "12975974"]
[EventDate "2022.10.22"]

1. Nf3 d5 2. g3 Nf6 3. Bg2 e6 4. O-O Be7 5. d3 b6 6. Nbd2 Bb7 7. e4 c5 8. Re1
Nc6 9. c3 Qc7 10. Qe2 h6 11. h4 O-O-O 12. Nf1 d4 13. cxd4 cxd4 14. Bf4 e5 15.
Nxe5 Nxe5 16. Rec1 Bc5 17. b4 Nfd7 18. Nd2 Kb8 19. Nb3 f6 20. bxc5 Nxc5 21. Rab1
Rd6 22. Nxc5 bxc5 23. Rb5 Rc6 24. Bd2 Ka8 25. Ba5 Qe7 26. f4 Ba6 27. a4 Bxb5 28.
axb5 Rcc8 29. fxe5 fxe5 30. Qa2 Qb7 31. Bh3 1-0

[Event "Bundesliga 2022-23"]
[Site "Remagen GER"]
[Date "2023.04.02"]
[Round "13.3"]
[Board "1"]
[White "Parligras, Mircea-Emilian"]
[Black "Svane, Rasmus"]
[Result "1/2-1/2"]
[WhiteTitle "GM"]
[BlackTitle "GM"]
[WhiteElo "2560"]
[BlackElo "2615"]
[WhiteTeam "SC Remagen Sinzig"]
[BlackTeam "Hamburger SK"]
[WhiteFideId "1204297"]
[BlackFideId "4657101"]
[EventDate "2022.10.22"]

1. d4 Nf6 2. c4 e6 3. Nf3 d5 4. Nc3 Be7 5. Bf4 O-O 6. e3 Nbd7 7. a3 c5 8. cxd5
Nxd5 9. Nxd5 exd5 10. dxc5 Nxc5 11. Be2 Bf6 12. Be5 Bf5 13. O-O Bxe5 14. Nxe5
Qf6 15. b4 Qxe5 16. bxc5 Rac8 17. Qd4 Qxd4 18. exd4 b6 19. cxb6 axb6 20. Rfc1
Rxc1+ 21. Rxc1 Ra8 22. Rc3 Ra4 23. Rb3 g6 24. Kf1 Rxd4 25. Rxb6 Rd2 26. Rb5 d4
27. Ke1 Ra2 28. Rd5 Ra1+ 29. Kd2 Rxa3 30. Rxd4 Kg7 1/2-1/2

[Event "Bundesliga 2022-23"]
[Site "Remagen GER"]
[Date "2023.04.02"]
[Round "13.3"]
[Board "2"]
[White "Mendonca, Leon Luke"]
[Black "Plat, Vojtech"]
[Result "1-0"]
[WhiteTitle "GM"]
[BlackTitle "GM"]
[WhiteElo "2558"]
[BlackElo "2546"]
[WhiteTeam "Hamburger SK"]
[BlackTeam "SC Remagen Sinzig"]
[WhiteFideId "35028561"]
[BlackFideId "325740"]
[EventDate "2022.10.22"]

1. d4 d6 2. Nf3 Bg4 3. e4 Nf6 4. Nc3 e6 5. h3 Bh5 6. Qe2 c6 7. g4 Bg6 8. h4 h5
9. g5 Nfd7 10. Bh3 Be7 11. d5 exd5 12. exd5 O-O 13. O-O Nb6 14. Re1 Re8 15. Nd4
cxd5 16. f4 Nc6 17. Nxc6 bxc6 18. f5 Bh7 19. Bf4 d4 20. Ne4 Nd5 21. Bd2 Ne3 22.
Bxe3 dxe3 23. Qxh5 g6 24. Qf3 d5 25. Ng3 Bd6 26. f6 Qb6 27. Re2 Qxb2 28. Rae1
Qd4 29. Bg4 Re5 30. Kg2 Rae8 31. Rb1 a5 32. Kh3 Qc4 33. Rb3 a4 34. Rbxe3 Rxe3
35. Rxe3 Rxe3 36. Qxe3 Qxa2 37. Qe8+ Bf8 38. Qxc6 d4 39. Be2 Qa3 40. Bc4 Kh8 41.
Qe8 Bg8 42. Bxf7 Bxf7 43. Qxf7 Qc5 44. Qxg6 a3 45. f7 1-0

[Event "Bundesliga 2022-23"]
[Site "Remagen GER"]
[Date "2023.04.02"]
[Round "13.3"]
[Board "3"]
[White "Pavlidis, Antonios"]
[Black "Engel, Luis"]
[Result "1-0"]
[WhiteTitle "GM"]
[BlackTitle "GM"]
[WhiteElo "2550"]
[BlackElo "2555"]
[WhiteTeam "SC Remagen Sinzig"]
[BlackTeam "Hamburger SK"]
[WhiteFideId "4212312"]
[BlackFideId "12961523"]
[EventDate "2022.10.22"]

1. e4 c5 2. Nf3 d6 3. d4 cxd4 4. Nxd4 Nf6 5. Nc3 a6 6. Bg5 e6 7. f4 h6 8. Bh4
Qb6 9. Qd2 Qxb2 10. Rb1 Qa3 11. e5 dxe5 12. fxe5 Nfd7 13. Ne4 Qxa2 14. Rd1 Qd5
15. Qe3 Qxe5 16. Be2 Bc5 17. Bg3 Qd5 18. c4 Bxd4 19. Rxd4 Qa5+ 20. Rd2 O-O 21.
Bd6 f5 22. Bxf8 Nxf8 23. Nd6 Nbd7 24. O-O Qc5 25. Qxc5 Nxc5 26. g4 fxg4 27. Bxg4
Bd7 28. Bf3 Rb8 29. Nxb7 Nxb7 30. Rb1 Rc8 31. Rxb7 Rxc4 32. Rdxd7 Nxd7 33. Rxd7
a5 34. Re7 Rf4 35. Kg2 Kf8 36. Rxe6 Rf6 37. Re4 Ra6 38. Be2 Ra8 39. Bb5 Kf7 40.
Kf3 Ra7 41. Bc4+ Kf6 42. Kg4 Kg6 43. Re6+ Kh7 44. Bd3+ Kg8 45. Bg6 Ra8 46. Be4
Rd8 47. Ra6 Kh8 48. Rxa5 Re8 49. Bg6 Rb8 50. h4 Rc8 51. h5 Kg8 52. Kf5 Kf8 53.
Ke6 Rd8 54. Rf5+ Kg8 55. Ke7 Ra8 56. Rd5 Kh8 57. Rd8+ Rxd8 58. Kxd8 Kg8 59. Ke7
Kh8 60. Ke6 Kg8 61. Be4 Kf8 62. Kf5 Kg8 63. Kg6 1-0

[Event "Bundesliga 2022-23"]
[Site "Remagen GER"]
[Date "2023.04.02"]
[Round "13.3"]
[Board "4"]
[White "Svane, Frederik"]
[Black "Burg, Twan"]
[Result "0-1"]
[WhiteTitle "GM"]
[BlackTitle "GM"]
[WhiteElo "2566"]
[BlackElo "2511"]
[WhiteTeam "Hamburger SK"]
[BlackTeam "SC Remagen Sinzig"]
[WhiteFideId "12923044"]
[BlackFideId "1010697"]
[EventDate "2022.10.22"]

1. e4 e5 2. Nf3 Nf6 3. d4 Nxe4 4. Bd3 Nc6 5. Nxe5 Nxe5 6. dxe5 Nc5 7. Bc4 d6 8.
Qf3 Ne6 9. Be3 dxe5 10. Nd2 Bd6 11. O-O-O O-O 12. Ne4 Qe7 13. Rhe1 Kh8 14. Rd2
f5 15. Nxd6 cxd6 16. g3 Nc7 17. Red1 b5 18. Bxb5 Nxb5 19. Qxa8 Bb7 20. Qxf8+
Qxf8 21. a4 f4 22. Bc5 Nd4 23. Bxd4 exd4 24. Rxd4 fxg3 25. fxg3 h6 26. Rxd6 Qf2
27. R6d2 Qe3 28. Kb1 Be4 29. Rd4 Kh7 30. R1d2 Qg1+ 31. Rd1 Qe3 32. R1d2 h5 33.
Rd1 Kh6 34. R1d2 Qg1+ 35. Rd1 Qe3 36. R1d2 g6 37. Rd1 Bf5 38. a5 a6 39. Rd8 Qc5
40. R1d2 Qxa5 41. R8d5 Qb6 42. R5d4 Qe6 43. Rd6 Qe5 44. Rd8 Qe1+ 45. Rd1 Qf2 46.
R1d2 Qc5 47. Rh8+ Kg7 48. Rhd8 a5 49. Rg2 a4 50. Rdd2 Qc4 51. Rge2 Be6 52. Kc1
Kh6 53. Rd3 Bf5 54. Rde3 Qd4 55. h4 Qc5 56. Rc3 Qg1+ 57. Kd2 Bg4 58. Re4 Qg2+ 0-1

[Event "Bundesliga 2022-23"]
[Site "Remagen GER"]
[Date "2023.04.02"]
[Round "13.3"]
[Board "5"]
[White "Swinkels, Robin"]
[Black "Ernst, Sipke"]
[Result "0-1"]
[WhiteTitle "GM"]
[BlackTitle "GM"]
[WhiteElo "2513"]
[BlackElo "2538"]
[WhiteTeam "SC Remagen Sinzig"]
[BlackTeam "Hamburger SK"]
[WhiteFideId "1010824"]
[BlackFideId "1004689"]
[EventDate "2022.10.22"]

1. d4 Nf6 2. c4 e6 3. g3 d5 4. Bg2 Be7 5. Nf3 O-O 6. O-O dxc4 7. Qc2 b6 8. Ne5
Qxd4 9. Bxa8 Qxe5 10. Bf3 Nd5 11. Qxc4 Ba6 12. Qc2 c5 13. Nc3 Nc6 14. Qa4 Bb7
15. Rd1 Nd4 16. Bxd5 exd5 17. Qxa7 Qc7 18. Rxd4 cxd4 19. Nxd5 Qd7 20. Nxe7+ Qxe7
21. Bf4 d3 22. exd3 Qd7 23. Rf1 Qc6 24. f3 Ra8 25. Qxa8+ Bxa8 26. Rc1 Qe6 27.
Kf2 h6 0-1